Zjednodušený daňový doklad a doklad vyhotovený elektronickou registračnou pokladnicou

Definícia základných pojmov : zjednodušený daňový doklad a doklad vyhotovený elektronickou registračnou pokladnicou. Vzťah zjednodušeného daňového dokladu a dokladu vyhotoveného elektronickou registračnou pokladnicou. Porovnanie povinných náležitostí oboch dokladov. Praktické príklady.

Na minha lista:
Detalhes bibliográficos
Autor principal: Katreniaková, Mária
Formato: Capítulo de Livro
Idioma:eslovaco
Assuntos:
Tags: Adicionar Tag
Sem tags, seja o primeiro a adicionar uma tag!

MARC

LEADER 00000naa a2200000 4500
001 r046471
005 20230919120545.3
041 0 |a slo 
044 |a SK 
245 1 0 |a Zjednodušený daňový doklad a doklad vyhotovený elektronickou registračnou pokladnicou  |c Mária Katreniaková 
520 |a Definícia základných pojmov : zjednodušený daňový doklad a doklad vyhotovený elektronickou registračnou pokladnicou. Vzťah zjednodušeného daňového dokladu a dokladu vyhotoveného elektronickou registračnou pokladnicou. Porovnanie povinných náležitostí oboch dokladov. Praktické príklady. 
610 2 0 |a doklady daňové 
610 2 0 |a pokladnice registračné 
610 2 0 |a dane z hodnoty pridanej 
610 2 0 |a tržby 
610 2 0 |a daňovníci 
610 2 0 |a sadzby daňové 
100 1 |a Katreniaková, Mária